| 000 | 01041nam2a22002411 4500 | ||
|---|---|---|---|
| 001 | rc\121161 | ||
| 005 | 20250620201322.0 | ||
| 010 |
_a5-08-002688-3 _930000 |
||
| 035 | _a(NLR Aleph) 005403507 | ||
| 090 |
_a7298607 _c7298607 |
||
| 100 | _a20021216d1996 |||y0rusy50 ca | ||
| 101 | 0 | _arus | |
| 102 | _aRU | ||
| 105 | _aa ||||||||| | ||
| 200 | 1 |
_aСказки русских писателей _f[Авт. вступ. ст., с. 3-16, и примеч. В.П. Аникин _gИл. Ф.В. Лемкуля] |
|
| 210 |
_d1996 _aБ. м. |
||
| 215 |
_a734, [1] с., [8] л. цв. ил. _cил. |
||
| 461 | 0 |
_1001rc\121160 _12001#$aСказки народов мира$eВ 10 т.$e[Для детей$fРед. совет: Аникин В.П. и др.]$vТ. 2 _97298599 _cМ. _d1995 _fРед. совет: Аникин В.П. и др.] _nДет. лит. _oВ 10 т. : [Для детей _tСказки народов мира _y5080019964 _vТ. 2 |
|
| 801 | 0 |
_aRU _bNLR _gpsbo |
|
| 801 | 1 |
_aRU _bELAR _2rusmarc |
|
| 852 |
_aNLR _j96-3/3269 |
||
| 942 | _cBOOK | ||
| 980 | _aNB | ||